[Event "SportAccord World Mind Games (Women's Blitz)"]
[Site "Beijing CHN"]
[Date "2012.12.17"]
[EventDate "2012.12.16"]
[Round "9.2"]
[Result "1/2-1/2"]
[White "Antoaneta Stefanova"]
[Black "Pia Cramling"]
[WhiteElo "2491"]
[BlackElo "2516"]
[PlyCount "64"]

1. d4 e6 2. Nf3 Nf6 3. e3 c5 4. Bd3 d5 5. b3 Nbd7 6. Bb2 g6
7. O-O Bg7 8. c4 O-O 9. Nbd2 b6 10. Qe2 Bb7 11. Rfd1 Rc8
12. Rac1 Qe7 13. Bb1 Rfd8 14. a4 cxd4 15. Nxd4 Nc5 16. Ba3 Qe8
17. cxd5 Nxd5 18. Qg4 a6 19. Bxc5 Rxc5 20. Rxc5 bxc5 21. Ne2
Nb4 22. Ng3 Qd7 23. Ngf1 h5 24. Qe2 a5 25. Rc1 Ba6 26. Nc4 Qc7
27. h3 Nd5 28. Qe1 Nb4 29. Qe2 Nd5 30. Qe1 Nb4 31. Qe2 Nd5
32. Qe1 Nb4 1/2-1/2

[Event "SportAccord World Mind Games (Women's Blitz)"]
[Site "Beijing CHN"]
[Date "2012.12.17"]
[EventDate "2012.12.16"]
[Round "10.8"]
[Result "0-1"]
[White "Kateryna Lahno"]
[Black "Antoaneta Stefanova"]
[WhiteElo "2553"]
[BlackElo "2491"]
[PlyCount "114"]

1. e4 e5 2. Nf3 Nc6 3. Bb5 a6 4. Ba4 Nf6 5. O-O b5 6. Bb3 Bb7
7. d3 Be7 8. a4 O-O 9. Nc3 b4 10. Nd5 Nxd5 11. Bxd5 d6 12. c3
bxc3 13. bxc3 Na5 14. Bxb7 Nxb7 15. d4 Bf6 16. a5 c5 17. dxe5
dxe5 18. Qa4 Qc7 19. c4 Nd8 20. Be3 Ne6 21. Rab1 Rab8 22. Rfd1
Nd4 23. Bxd4 exd4 24. Ne1 h6 25. Nd3 Rxb1 26. Rxb1 Rb8 27. Re1
Bg5 28. Qa3 Bd2 29. Rd1 Bb4 30. Qa4 Bc3 31. Qa3 Bb4 32. Qa4
Qxa5 33. Qd7 Qb6 34. e5 a5 35. f4 Qe6 36. Qa4 Qxc4 37. f5 Qd5
38. Rf1 Qe4 39. Qc2 Qe3+ 40. Kh1 Rc8 41. Qc4 Qe2 42. Rc1 Qe3
43. Rf1 Re8 44. h3 Qe2 45. Rf3 a4 46. Rg3 a3 47. f6 g5 48. h4
Be1 49. Rf3 Bxh4 50. Qxc5 a2 51. Qc1 Rb8 52. Kh2 Qe4 53. Qa1
Ra8 54. Rh3 Qf5 55. Rf3 Qe4 56. g3 Qxf3 57. gxh4 Qxd3 0-1

[Event "SportAccord World Mind Games (Women's Blitz)"]
[Site "Beijing CHN"]
[Date "2012.12.17"]
[EventDate "2012.12.16"]
[Round "11.1"]
[Result "0-1"]
[White "Antoaneta Stefanova"]
[Black "Zhao Xue"]
[WhiteElo "2491"]
[BlackElo "2565"]
[PlyCount "62"]

1. d4 Nf6 2. Nf3 e6 3. e3 b6 4. Bd3 Bb7 5. O-O c5 6. c4 Be7
7. Nc3 cxd4 8. exd4 O-O 9. d5 Na6 10. a3 Rc8 11. Nd4 Nc5
12. Bc2 Re8 13. b4 Na6 14. Bb3 exd5 15. Nxd5 Nxd5 16. cxd5 Bf6
17. Bb2 Nc5 18. bxc5 bxc5 19. Rb1 cxd4 20. Bxd4 Ba6 21. Bxf6
Qxf6 22. Re1 Rxe1+ 23. Qxe1 g6 24. h3 Kg7 25. Qe3 Rc3 26. Qxa7
Bd3 27. Rd1 Rxb3 28. Qxd7 Rxa3 29. d6 Ra2 30. f3 Bf5 31. Qb7
Bxh3 0-1

[Event "SportAccord World Mind Games (Women's Blitz)"]
[Site "Beijing CHN"]
[Date "2012.12.17"]
[EventDate "2012.12.16"]
[Round "12.8"]
[Result "0-1"]
[White "Antoaneta Stefanova"]
[Black "Alexandra Kosteniuk"]
[WhiteElo "2491"]
[BlackElo "2501"]
[PlyCount "203"]

1. Nf3 Nf6 2. g3 d5 3. Bg2 Nbd7 4. O-O e5 5. d3 c6 6. Nbd2 Bd6
7. e4 O-O 8. b3 Re8 9. Re1 a5 10. a3 Bc5 11. h3 dxe4 12. dxe4
Nf8 13. Bb2 Ng6 14. Qe2 Qc7 15. Bc3 b5 16. b4 Bb6 17. Nb3 a4
18. Nc1 Be6 19. Nd3 Bc4 20. Nd2 Bxd3 21. Qxd3 Rad8 22. Qe2 Bd4
23. Bxd4 exd4 24. f4 Nd5 25. Nf1 Nc3 26. Qd3 Nf8 27. Nd2 Ne6
28. e5 c5 29. bxc5 Nxc5 30. Qf3 d3 31. cxd3 Rxd3 32. Qf2 Red8
33. Nf1 Nb3 34. Kh2 Nxa1 35. Rxa1 Qc4 36. Re1 Qd4 37. Qb2 b4
38. axb4 Nb5 39. Qc2 a3 40. e6 fxe6 41. Rxe6 Qd7 42. Qc4 Kh8
43. Bc6 Nd6 44. Qxd3 Qxe6 45. Qxa3 Qe2+ 46. Bg2 h5 47. Qa5 Re8
48. Qd5 Nc4 49. g4 hxg4 50. Qh5+ Kg8 51. Qd5+ Kf8 52. Qf5+ Ke7
53. hxg4 Rh8+ 54. Kg1 Qe6 55. Qc5+ Nd6 56. f5 Qh6 57. Qc7+ Kf8
58. Qd8+ Ne8 59. b5 Qc1 60. Qd4 Rh6 61. Bc6 Rd6 62. Qe5 Rd8
63. Kg2 Qc2+ 64. Kg1 Qd1 65. Qc5+ Nd6 66. Qb4 Rc8 67. Qf4 Kg8
68. f6 Nf7 69. fxg7 Rd8 70. b6 Qb3 71. Qf3 Qxb6+ 72. Kg2 Qb2+
73. Kg1 Qb6+ 74. Kg2 Qb2+ 75. Kg1 Qd4+ 76. Kg2 Ne5 77. Qb3+
Kxg7 78. Qb7+ Nf7 79. Bf3 Qc3 80. Qe4 Qb2+ 81. Kg3 Rd4 82. Qf5
Qb8+ 83. Kg2 Rb4 84. Ng3 Rb2+ 85. Kh3 Qd6 86. Nh5+ Kf8 87. Nf4
Qh6+ 88. Nh5 Qd6 89. Nf4 Qh6+ 90. Nh5 Rd2 91. Qc8+ Rd8
92. Qc5+ Qd6 93. Qf5 Qe5 94. Qxe5 Nxe5 95. Be4 Rd4 96. Bf5 Kf7
97. Kh4 Rd1 98. Kg5 Rd4 99. Ng3 Nf3+ 100. Kh5 Rd1 101. g5 Ne5
102. Kh4 0-1

[Event "SportAccord World Mind Games (Women's Blitz)"]
[Site "Beijing CHN"]
[Date "2012.12.17"]
[EventDate "2012.12.16"]
[Round "13.2"]
[Result "1-0"]
[White "Bela Khotenashvili"]
[Black "Antoaneta Stefanova"]
[WhiteElo "2504"]
[BlackElo "2491"]
[PlyCount "81"]

1. b3 Nf6 2. Bb2 g6 3. f4 Bg7 4. Nf3 O-O 5. g3 d6 6. Bg2 Nc6
7. O-O Bd7 8. h3 Qe8 9. d3 e5 10. e4 Nh5 11. Qe1 exf4 12. Bxg7
Kxg7 13. g4 Ng3 14. Rf2 h5 15. g5 Ne5 16. Nbd2 f6 17. Kh2 Qe7
18. gxf6+ Qxf6 19. d4 Nxf3+ 20. Nxf3 Rae8 21. e5 Qf5 22. Nh4
Qg5 23. Nf3 Qd8 24. Qb4 Bc6 25. Re1 dxe5 26. dxe5 Qe7 27. Qd4
Rd8 28. Qb2 Kh6 29. c4 g5 30. e6 g4 31. Nd4 Bxg2 32. Rxg2 Qh4
33. e7 Qxh3+ 34. Kg1 f3 35. exf8=Q+ Rxf8 36. Qd2+ Kg6 37. Re6+
Rf6 38. Rxf6+ Kxf6 39. Qf4+ Kg7 40. Rxg3 f2+ 41. Qxf2 1-0

[Event "SportAccord World Mind Games (Women's Blitz)"]
[Site "Beijing CHN"]
[Date "2012.12.17"]
[EventDate "2012.12.16"]
[Round "14.7"]
[Result "1-0"]
[White "Antoaneta Stefanova"]
[Black "Anna Zatonskih"]
[WhiteElo "2491"]
[BlackElo "2489"]
[PlyCount "177"]

1. d4 d5 2. Bf4 c6 3. e3 Qb6 4. Qc1 Bf5 5. Nf3 Nd7 6. Be2 e6
7. O-O h6 8. h3 Ngf6 9. c4 dxc4 10. Nbd2 Qd8 11. Nxc4 Nb6
12. Na5 Qc8 13. a3 Be7 14. b4 O-O 15. Ne5 Nbd7 16. Nec4 Ne8
17. Bf3 Nb6 18. Ne5 f6 19. Nec4 Bg6 20. Rd1 Nxc4 21. Nxc4 Qd7
22. Qb2 Nd6 23. Na5 Be4 24. Be2 Bg6 25. Rac1 Rfe8 26. Bf3 Be4
27. Bh5 Rf8 28. Be2 Bg6 29. a4 a6 30. Nb3 Bf7 31. Nc5 Qc8
32. a5 Rd8 33. Na4 Rb8 34. Nb6 Qc7 35. e4 Rf8 36. Bg3 Qd8
37. Bf3 Bg6 38. Re1 Kh8 39. Bh2 Bh7 40. e5 fxe5 41. Bxe5 Bf6
42. Qb3 Bxe5 43. dxe5 Nf5 44. Bg4 Nd4 45. Qc3 Nb5 46. Qc4 Qd2
47. Re2 Qg5 48. Nd7 Bd3 49. Qxd3 Qxc1+ 50. Kh2 Qf4+ 51. g3 Qf7
52. Nxb8 Rxb8 53. Qc4 Re8 54. Rd2 Nc7 55. Qe2 Nd5 56. Bh5 g6
57. Bg4 Kg7 58. Qe4 Qe7 59. Rb2 h5 60. Bd1 Rd8 61. Bf3 Qf7
62. Kg2 Rf8 63. h4 Nc3 64. Qd3 Nd5 65. Be4 Re8 66. Qc2 Rf8
67. Qc5 Qe7 68. Bxd5 Qxc5 69. bxc5 exd5 70. Rxb7+ Kh6 71. Rb6
Rd8 72. Kf1 d4 73. Ke2 d3+ 74. Kd2 Rd5 75. Rxc6 Rxe5 76. Kxd3
Re1 77. Rxa6 Rd1+ 78. Kc4 Rf1 79. Rf6 Ra1 80. Kb5 Rb1+ 81. Kc6
Ra1 82. Kb6 Rb1+ 83. Ka7 Rc1 84. c6 Kg7 85. Rd6 Rc2 86. f4 Rc3
87. a6 Rxg3 88. c7 Rc3 89. Kb7 1-0

[Event "SportAccord World Mind Games (Women's Blitz)"]
[Site "Beijing CHN"]
[Date "2012.12.17"]
[EventDate "2012.12.16"]
[Round "15.3"]
[Result "0-1"]
[White "Yifan Hou"]
[Black "Antoaneta Stefanova"]
[WhiteElo "2606"]
[BlackElo "2491"]
[PlyCount "110"]

1. e4 e5 2. Nf3 Nc6 3. Nc3 Nf6 4. d4 exd4 5. Nxd4 Bb4 6. Nxc6
bxc6 7. Bd3 d5 8. exd5 Qe7+ 9. Qe2 Qxe2+ 10. Kxe2 Nxd5
11. Nxd5 cxd5 12. Bf4 c6 13. c4 Be6 14. Rac1 O-O 15. Rhd1 a5
16. cxd5 Bxd5 17. a3 Be7 18. f3 Bf6 19. Rd2 Rfe8+ 20. Kf1 g5
21. Bg3 Red8 22. Be2 Kg7 23. Kf2 h5 24. Rc5 Ra7 25. h3 h4
26. Bh2 Rdd7 27. f4 Rdb7 28. fxg5 Bxg5 29. Rd1 Bf6 30. Rd2
Rxb2 31. Rcc2 Rxc2 32. Rxc2 Bd4+ 33. Kf1 Rb7 34. Bf4 Rb3
35. Bc4 Rb1+ 36. Ke2 Rb2 37. Bxd5 Rxc2+ 38. Kd3 Rf2 39. Kxd4
Rxf4+ 40. Ke5 Ra4 41. Bxc6 Rxa3 42. Kd4 Kf6 43. Kc4 Ke5
44. Be8 f5 45. Bh5 Ra2 46. Bf3 a4 47. Kb4 a3 48. Kb3 Ra1
49. Kc2 Kf4 50. Kb3 Kg3 51. Bd5 Rd1 52. Bc6 Rd3+ 53. Ka2 f4
54. Be4 Rd2+ 55. Kxa3 Rxg2 0-1

[Event "SportAccord World Mind Games (Women's Blindfold)"]
[Site "Beijing CHN"]
[Date "2012.12.18"]
[EventDate "2012.12.18"]
[Round "2.3"]
[Result "1-0"]
[White "Elina Danielian"]
[Black "Antoaneta Stefanova"]
[WhiteElo "2476"]
[BlackElo "2491"]
[PlyCount "105"]

1. d4 d5 2. c4 c6 3. Nc3 Nf6 4. e3 e6 5. Nf3 a6 6. Qc2 c5
7. a3 Nc6 8. dxc5 Bxc5 9. b4 Be7 10. Bb2 dxc4 11. Bxc4 O-O
12. O-O Qc7 13. Bd3 h6 14. Rac1 e5 15. Ne4 Qb8 16. Nxf6+ Bxf6
17. Bc4 Bg4 18. Nd2 Qe8 19. Ne4 Be7 20. h3 Bd7 21. Rfd1 Rc8
22. Qb1 Kh8 23. Nd6 Bxd6 24. Rxd6 Qe7 25. Rcd1 Rc7 26. Qd3 Bc8
27. Ba2 Nd4 28. Rxh6+ gxh6 29. exd4 e4 30. d5+ f6 31. Qe3 Qg7
32. d6 Rc2 33. d7 Bxd7 34. Rxd7 Qg6 35. Rd2 Rfc8 36. Bb3 Rxd2
37. Qxd2 Qg5 38. Qxg5 hxg5 39. Bxf6+ Kh7 40. Bxg5 Rc3 41. Bd5
Kg6 42. Bd2 Rxa3 43. Bxe4+ Kf6 44. h4 b6 45. h5 Ra2 46. Be3
Ra4 47. Bxb6 Rxb4 48. Bd8+ Kg7 49. f3 a5 50. Bxa5 Rb5 51. Bc3+
Kh6 52. g4 Kg5 53. Kf2 1-0

[Event "SportAccord World Mind Games (Women's Blindfold)"]
[Site "Beijing CHN"]
[Date "2012.12.18"]
[EventDate "2012.12.18"]
[Round "4.7"]
[Result "1-0"]
[White "Anna Zatonskih"]
[Black "Antoaneta Stefanova"]
[WhiteElo "2489"]
[BlackElo "2491"]
[PlyCount "45"]

1. e4 e5 2. Nf3 Nc6 3. Nc3 Nf6 4. d4 exd4 5. Nxd4 Bb4 6. Nxc6
bxc6 7. Bd3 d5 8. exd5 Qe7+ 9. Qe2 Qxe2+ 10. Kxe2 Nxd5
11. Nxd5 cxd5 12. Bb5+ Bd7 13. Bxd7+ Kxd7 14. Rd1 Rhe8+
15. Be3 Kc6 16. c4 dxc4 17. Rd4 Bd6 18. Rxc4+ Kd7 19. Rd1 a5
20. b3 Ra6 21. Rd5 a4 22. Rxa4 g6 23. Rxa6 1-0

[Event "SportAccord World Mind Games (Women's Blindfold)"]
[Site "Beijing CHN"]
[Date "2012.12.18"]
[EventDate "2012.12.18"]
[Round "1.4"]
[Result "1/2-1/2"]
[White "Antoaneta Stefanova"]
[Black "Elisabeth Paehtz"]
[WhiteElo "2491"]
[BlackElo "2482"]
[PlyCount "26"]

1. d4 d6 2. c4 Nf6 3. Nc3 Bf5 4. f3 e5 5. d5 e4 6. g4 Nxg4
7. fxg4 Qh4+ 8. Kd2 e3+ 9. Kxe3 Qg5+ 10. Kf2 Qh4+ 11. Ke3 Qg5+
12. Kf2 Qh4+ 13. Ke3 Qg5+ 1/2-1/2

[Event "SportAccord World Mind Games (Women's Blindfold)"]
[Site "Beijing CHN"]
[Date "2012.12.19"]
[EventDate "2012.12.18"]
[Round "5.8"]
[Result "1/2-1/2"]
[White "Antoaneta Stefanova"]
[Black "Monika (Bobrowska) Socko"]
[WhiteElo "2491"]
[BlackElo "2445"]
[PlyCount "176"]

1. d4 e6 2. Nf3 Nf6 3. e3 b6 4. Bd3 Bb7 5. O-O Be7 6. c4 O-O
7. Nc3 c5 8. d5 exd5 9. cxd5 d6 10. e4 Nbd7 11. Re1 Re8 12. h3
a6 13. a4 Qc7 14. Bf4 Bf8 15. Nd2 Ne5 16. Bf1 Nfd7 17. Bg3 c4
18. f4 Nd3 19. Bxd3 cxd3 20. Qf3 Nc5 21. Rac1 Qd7 22. Bf2 Nxa4
23. Nxa4 Qxa4 24. Qxd3 a5 25. Bxb6 Ba6 26. Qa3 Qb5 27. Bd4
Rac8 28. Qb3 Rxc1 29. Rxc1 Qxb3 30. Nxb3 Rxe4 31. Bf2 a4
32. Na5 Rb4 33. Rc6 Bb5 34. Rc2 g6 35. Be3 h6 36. Nc6 Rc4
37. Rd2 Bxc6 38. dxc6 Rxc6 39. Bd4 Bg7 40. Bxg7 Kxg7 41. Rd4
Rc1+ 42. Kf2 Rc2+ 43. Kf3 Rxb2 44. Rxa4 Rd2 45. Ra6 h5 46. g4
Rd3+ 47. Ke4 Rxh3 48. gxh5 Rxh5 49. Rxd6 Rh3 50. Rd7 Ra3
51. Rb7 Kf8 52. Rb8+ Ke7 53. Rb7+ Kf6 54. Rb6+ Kg7 55. Rb7 Ra6
56. Kf3 Rd6 57. Ra7 Kf6 58. Kg4 Ke6 59. Rb7 Ra6 60. Rc7 Ra1
61. Rc6+ Kd7 62. Rb6 Rg1+ 63. Kf3 Rd1 64. Kg4 Rd6 65. Rb5 Ke6
66. Re5+ Kf6 67. Ra5 Rd7 68. Ra4 Rb7 69. Rc4 Ke6 70. Re4+ Kd5
71. Re1 f6 72. Re8 Rb4 73. Kg3 f5 74. Re5+ Kd6 75. Re8 Rb3+
76. Kf2 Kd5 77. Re5+ Kd4 78. Re6 Rh3 79. Rxg6 Ke4 80. Ra6 Kxf4
81. Ra4+ Kg5 82. Rb4 Ra3 83. Rc4 f4 84. Rc8 Ra2+ 85. Kf3 Ra3+
86. Kf2 Ra2+ 87. Kf3 Ra3+ 88. Kf2 Ra2+ 1/2-1/2

[Event "SportAccord World Mind Games (Women's Blindfold)"]
[Site "Beijing CHN"]
[Date "2012.12.19"]
[EventDate "2012.12.18"]
[Round "6.8"]
[Result "1/2-1/2"]
[White "Bela Khotenashvili"]
[Black "Antoaneta Stefanova"]
[WhiteElo "2504"]
[BlackElo "2491"]
[PlyCount "65"]

1. Nf3 d5 2. c4 c6 3. g3 g6 4. Bg2 Bg7 5. d4 dxc4 6. O-O Bg4
7. Be3 Nd7 8. Nbd2 Nb6 9. Rc1 Be6 10. Ne4 Bd5 11. Nc5 Qc8
12. Bf4 Nf6 13. b3 cxb3 14. axb3 Ne4 15. Qc2 f5 16. Be5 Bxe5
17. Nxe5 Nxc5 18. dxc5 Bxg2 19. Kxg2 Nd5 20. e4 fxe4 21. Qxe4
Qe6 22. Rce1 O-O 23. Qc4 Qf5 24. f4 Rad8 25. Nf3 Qg4 26. h3
Qd7 27. Re2 Rde8 28. Rfe1 e6 29. Ng5 Rf6 30. Ne4 Rff8 31. Ng5
Rf6 32. Ne4 Rff8 33. Ng5 1/2-1/2

[Event "SportAccord World Mind Games (Women's Blindfold)"]
[Site "Beijing CHN"]
[Date "2012.12.19"]
[EventDate "2012.12.18"]
[Round "7.7"]
[Result "1-0"]
[White "Antoaneta Stefanova"]
[Black "Pia Cramling"]
[WhiteElo "2491"]
[BlackElo "2516"]
[PlyCount "79"]

1. Nf3 c5 2. c4 Nc6 3. Nc3 e5 4. g3 g6 5. Bg2 Bg7 6. O-O d6
7. d3 Nge7 8. Bd2 O-O 9. Qc1 Rb8 10. Rb1 a6 11. a3 b5 12. cxb5
axb5 13. b4 cxb4 14. axb4 d5 15. Bh6 Bd7 16. Bxg7 Kxg7 17. e4
d4 18. Nd5 Rc8 19. Qa3 Be6 20. Nxe7 Qxe7 21. Qa6 Bg4 22. Qxb5
Qf6 23. Nd2 Be2 24. Rfe1 Na7 25. Qa4 Bxd3 26. Qxa7 Bxb1
27. Rxb1 Rc2 28. Nf3 Rfc8 29. h4 R8c3 30. Qb8 Rxf3 31. Bxf3
Qxf3 32. Qxe5+ Qf6 33. Qxf6+ Kxf6 34. b5 d3 35. Rd1 Rc3 36. b6
Ke5 37. b7 Rb3 38. Rxd3 Rxb7 39. Re3 g5 40. hxg5 1-0

[Event "Tradewise Gibraltar"]
[Site "Catalan Bay GIB"]
[Date "2013.01.22"]
[EventDate "2013.01.22"]
[Round "1"]
[Result "1-0"]
[White "Antoaneta Stefanova"]
[Black "Jens Wiedersich"]
[WhiteElo "2516"]
[BlackElo "2120"]
[PlyCount "67"]

1. d4 Nf6 2. c4 c5 3. d5 b5 4. Qc2 d6 5. e4 bxc4 6. Bxc4 g6
7. h3 Bg7 8. Nf3 O-O 9. O-O Ba6 10. Na3 Bxc4 11. Nxc4 Nbd7
12. Rd1 Nb6 13. Ne3 Rb8 14. a4 Qc7 15. Nd4 Rbc8 16. Nb5 Qd7
17. Rb1 a6 18. Nc3 Rc7 19. a5 Na8 20. Qe2 Ra7 21. Nc4 Qc7
22. e5 Nd7 23. exd6 exd6 24. Qe7 Qb8 25. Bf4 Ne5 26. Qxd6 Qxd6
27. Nxd6 Nc7 28. Be3 Nd7 29. Nde4 Re8 30. b4 Rb7 31. bxc5 Rxb1
32. Rxb1 Nxd5 33. Nxd5 Rxe4 34. c6 1-0

[Event "Tradewise Gibraltar"]
[Site "Catalan Bay GIB"]
[Date "2013.01.23"]
[EventDate "2013.01.22"]
[Round "2.32"]
[Result "0-1"]
[White "Rolf Bergstrom"]
[Black "Antoaneta Stefanova"]
[WhiteElo "2286"]
[BlackElo "2516"]
[PlyCount "74"]

1. e4 e5 2. Nf3 Nc6 3. Nc3 Nf6 4. Bb5 Bd6 5. O-O O-O 6. d3 h6
7. a3 Re8 8. Be3 Bf8 9. Bc4 d6 10. h3 Ne7 11. Ne2 Ng6 12. Ng3
d5 13. Bb3 d4 14. Bd2 c5 15. a4 b6 16. Nh2 a6 17. Ne2 Rb8
18. f4 b5 19. axb5 axb5 20. f5 Ne7 21. g4 c4 22. Ba2 Qb6
23. Ng3 Nc6 24. h4 Nb4 25. Bb1 Nh7 26. g5 c3 27. Bc1 cxb2
28. Bxb2 hxg5 29. hxg5 Nxg5 30. Bc1 Nh3+ 31. Kh1 Nf4 32. Nh5
Bd7 33. Nxf4 exf4 34. Rxf4 Be7 35. Nf3 Ra8 36. Rxa8 Rxa8
37. Bb2 Qh6+ 0-1

[Event "Tradewise Gibraltar"]
[Site "Catalan Bay GIB"]
[Date "2013.01.25"]
[EventDate "2013.01.22"]
[Round "4"]
[Result "1-0"]
[White "Gata Kamsky"]
[Black "Antoaneta Stefanova"]
[WhiteElo "2740"]
[BlackElo "2516"]
[PlyCount "94"]

1. e4 e5 2. Nf3 Nc6 3. Bb5 a6 4. Ba4 Nf6 5. O-O b5 6. Bb3 Bb7
7. Re1 Bc5 8. c3 O-O 9. d4 Bb6 10. Be3 exd4 11. cxd4 Na5
12. d5 Bxe3 13. Rxe3 Re8 14. Nbd2 c6 15. d6 c5 16. Bc2 Ng4
17. Re2 Qf6 18. h3 Ne5 19. Nxe5 Qxe5 20. Nf3 Qxb2 21. e5 Qb4
22. Ng5 Qf4 23. Bxh7+ Kf8 24. Qc1 Qxc1+ 25. Rxc1 Nc4 26. f4 g6
27. h4 Kg7 28. h5 Bd5 29. g4 Rh8 30. Rd1 Nb6 31. Red2 Bc4
32. Rh2 Nd5 33. f5 gxh5 34. f6+ Kf8 35. Be4 Nc3 36. Bxa8 Nxd1
37. Rxh5 Rg8 38. Ne4 Rxg4+ 39. Kh2 Rg8 40. Nxc5 Ke8 41. e6
dxe6 42. Bc6+ Kd8 43. Nb7+ Kc8 44. Rc5 Nf2 45. Bf3+ Kb8 46. d7
Ng4+ 47. Kh3 Nxf6 1-0

[Event "Tradewise Gibraltar"]
[Site "Catalan Bay GIB"]
[Date "2013.01.26"]
[EventDate "2013.01.22"]
[Round "5.21"]
[Result "1-0"]
[White "Antoaneta Stefanova"]
[Black "Peter Dittmar"]
[WhiteElo "2516"]
[BlackElo "2330"]
[PlyCount "59"]

1. d4 d5 2. c4 e6 3. Nf3 Nf6 4. Nc3 c5 5. cxd5 Nxd5 6. e4 Nxc3
7. bxc3 cxd4 8. cxd4 Bb4+ 9. Bd2 Bxd2+ 10. Qxd2 O-O 11. Bc4 b6
12. O-O Bb7 13. Rfe1 Nd7 14. Rad1 Rc8 15. Bd3 Qe7 16. Bb1 Rfd8
17. Qf4 Qf6 18. Qe3 Qe7 19. d5 Nc5 20. Qf4 Qf6 21. Qg4 exd5
22. e5 Qe7 23. Bxh7+ Kf8 24. Bf5 Rc6 25. e6 Nxe6 26. Nd4 Rdd6
27. Qh3 Ke8 28. Bd3 Nxd4 29. Rxe7+ Kxe7 30. Qh4+ 1-0

[Event "Tradewise Gibraltar"]
[Site "Catalan Bay GIB"]
[Date "2013.01.27"]
[EventDate "2013.01.22"]
[Round "6"]
[Result "1/2-1/2"]
[White "Antoaneta Stefanova"]
[Black "Daniel Fridman"]
[WhiteElo "2516"]
[BlackElo "2667"]
[PlyCount "34"]

1. d4 e6 2. c4 d5 3. Nc3 Be7 4. Bf4 Nf6 5. e3 O-O 6. a3 b6
7. Nb5 Na6 8. Nf3 Bb7 9. Rc1 c6 10. Nc3 c5 11. cxd5 cxd4
12. Qxd4 exd5 13. Rd1 Nc5 14. Be5 Ncd7 15. Bg3 Nc5 16. Be5
Ncd7 17. Bg3 Nc5 1/2-1/2

[Event "Tradewise Gibraltar"]
[Site "Catalan Bay GIB"]
[Date "2013.01.28"]
[EventDate "2013.01.22"]
[Round "7"]
[Result "1-0"]
[White "Maxime Vachier-Lagrave"]
[Black "Antoaneta Stefanova"]
[WhiteElo "2713"]
[BlackElo "2516"]
[PlyCount "77"]

1. e4 e5 2. Nf3 Nc6 3. Bb5 a6 4. Ba4 Nf6 5. O-O b5 6. Bb3 Bb7
7. d3 Be7 8. a4 O-O 9. Re1 d6 10. Nbd2 Na5 11. Ba2 c5 12. Nf1
b4 13. c3 bxc3 14. bxc3 Rb8 15. Ne3 Bc8 16. d4 Qc7 17. dxe5
dxe5 18. Nc4 Nd7 19. Nfd2 Nxc4 20. Nxc4 Nb6 21. Ne3 a5 22. Rb1
c4 23. Bxc4 Bb7 24. Bd5 Bxd5 25. exd5 Rfd8 26. Rb5 Bc5 27. h4
Nc8 28. Rxb8 Qxb8 29. Nc4 Ne7 30. Nxe5 Rxd5 31. Qf3 Qf8
32. Nc6 Rd7 33. Nxa5 g6 34. Bg5 Nf5 35. Qc6 Qd6 36. Qxd6 Rxd6
37. Nb7 Rc6 38. Nxc5 Rxc5 39. Bf6 1-0

[Event "Tradewise Gibraltar"]
[Site "Catalan Bay GIB"]
[Date "2013.01.29"]
[EventDate "2013.01.22"]
[Round "8"]
[Result "0-1"]
[White "Rafael Montero Melendez"]
[Black "Antoaneta Stefanova"]
[WhiteElo "2316"]
[BlackElo "2516"]
[PlyCount "58"]

1. c4 c6 2. Nf3 d5 3. g3 Bg4 4. Bg2 e6 5. Qb3 Qb6 6. Qxb6 axb6
7. b3 Na6 8. O-O Nb4 9. Nc3 Nc2 10. Rb1 Na3 11. Bxa3 Rxa3
12. Na4 Bxf3 13. Bxf3 b5 14. cxb5 cxb5 15. Rfc1 Kd8 16. Nb6
Ne7 17. Na4 bxa4 18. bxa4 Rxa2 19. Rxb7 Rxa4 20. Rcc7 Rc4
21. Rd7+ Ke8 22. e4 dxe4 23. Be2 Rc5 24. Rd4 f5 25. Bb5+ Kf7
26. Rd8 g5 27. Be8+ Kf6 28. Rd6 Nd5 29. Ra6 Nc7 0-1

[Event "FIDE Women's Grand Prix Dilijan"]
[Site "Dilijan ARM"]
[Date "2013.06.16"]
[EventDate "2013.06.16"]
[Round "1.5"]
[Result "1/2-1/2"]
[White "Elina Danielian"]
[Black "Antoaneta Stefanova"]
[WhiteElo "2475"]
[BlackElo "2531"]
[PlyCount "103"]

1. d4 Nf6 2. c4 e6 3. Nc3 Bb4 4. Qc2 O-O 5. a3 Bxc3+ 6. Qxc3
b5 7. cxb5 c6 8. Bg5 cxb5 9. Qd3 h6 10. Bh4 d5 11. Nf3 a5
12. e3 Ba6 13. Bxf6 Qxf6 14. Qd2 b4 15. axb4 axb4 16. Bxa6
Nxa6 17. O-O Qe7 18. Ne5 Qb7 19. Ra4 Rfc8 20. Nd3 Rab8
21. Rfa1 Rc6 22. Ne5 Rb6 23. Qe2 Ra8 24. h4 f6 25. Nd3 Rc8
26. Qg4 Rcc6 27. g3 Qc8 28. Kg2 b3 29. Nf4 Qe8 30. Ra5 Nc7
31. Ra7 Rc2 32. Nd3 h5 33. Qf3 Qg6 34. Nc5 Rc6 35. Rxc7 R2xc5
36. Ra8+ Kh7 37. Rb7 Rc2 38. Raa7 Kh6 39. Qf4+ Kh7 40. Qf3 Kh6
41. Qf4+ Kh7 42. Rxg7+ Qxg7 43. Rxg7+ Kxg7 44. Qb8 R6c4
45. Qxb3 Rd2 46. Qb7+ Kg6 47. Qb8 Rcc2 48. Qg8+ Kh6 49. Qh8+
Kg6 50. Qg8+ Kh6 51. Qh8+ Kg6 52. Qg8+ 1/2-1/2

[Event "FIDE Women's Grand Prix Dilijan"]
[Site "Dilijan ARM"]
[Date "2013.06.17"]
[EventDate "2013.06.16"]
[Round "2.2"]
[Result "1/2-1/2"]
[White "Antoaneta Stefanova"]
[Black "Anna Ushenina"]
[WhiteElo "2531"]
[BlackElo "2499"]
[PlyCount "97"]

1. d4 d5 2. c4 c6 3. Nc3 Nf6 4. e3 e6 5. Nf3 Nbd7 6. Qc2 Bd6
7. Bd3 O-O 8. O-O e5 9. cxd5 cxd5 10. e4 exd4 11. Nxd5 Nxd5
12. exd5 h6 13. Nxd4 Qh4 14. f4 Bc5 15. Be3 Qf6 16. Rad1 Qb6
17. Kh1 Nf6 18. d6 Bg4 19. Rd2 Rfd8 20. Rc1 Bb4 21. Nf5 Qa5
22. Rf2 Bxf5 23. Bxf5 Bxd6 24. a3 Nd5 25. Bd2 Qb6 26. Rf3 Ne7
27. Bh3 Nc6 28. Rd3 Be7 29. Be3 Qb5 30. Bd7 Bf6 31. b4 a5
32. bxa5 Qxa5 33. Bxc6 Rxd3 34. Qxd3 bxc6 35. Bc5 Bb2 36. Bb4
Qc7 37. Rc4 Rd8 38. Qc2 Rd4 39. g3 Rxc4 40. Qxc4 Qd7 41. Kg2
Bd4 42. Bc5 Bxc5 43. Qxc5 Qd2+ 44. Kg1 Qe1+ 45. Kg2 Qe2+
46. Kg1 Qe1+ 47. Kg2 Qe2+ 48. Kg1 Qe1+ 49. Kg2 1/2-1/2

[Event "FIDE Women's Grand Prix Dilijan"]
[Site "Dilijan ARM"]
[Date "2013.06.18"]
[EventDate "2013.06.16"]
[Round "3"]
[Result "0-1"]
[White "Tatiana Kosintseva"]
[Black "Antoaneta Stefanova"]
[WhiteElo "2526"]
[BlackElo "2531"]
[PlyCount "94"]

1. e4 e5 2. Nf3 Nc6 3. Bb5 Nge7 4. c3 a6 5. Ba4 g6 6. d4 exd4
7. cxd4 Bg7 8. d5 b5 9. Bc2 Nb4 10. Bb3 a5 11. a3 Na6 12. Nc3
b4 13. axb4 axb4 14. Ne2 d6 15. O-O O-O 16. Nfd4 Bd7 17. Bg5
h6 18. Bh4 g5 19. Bg3 Nc5 20. Bc2 f5 21. exf5 Nxf5 22. Rb1 Qf6
23. Bxf5 Bxf5 24. Nxf5 Qxf5 25. h4 Rae8 26. hxg5 hxg5 27. Nd4
Qxd5 28. Nb5 Qxd1 29. Rfxd1 Rf7 30. Bxd6 cxd6 31. Nxd6 Re2
32. Nxf7 Kxf7 33. Rd5 Ne6 34. Rb5 Bd4 35. Rxb4 Bxf2+ 36. Kf1
Rc2 37. Ra1 Bc5 38. Rb7+ Kf6 39. b4 Rf2+ 40. Ke1 Rxg2 41. Ra6
Rb2 42. b5 g4 43. Rc7 Bb4+ 44. Kf1 g3 45. Rc4 Kf5 46. Rac6
Rf2+ 47. Kg1 Ng5 0-1

[Event "FIDE Women's Grand Prix Dilijan"]
[Site "Dilijan ARM"]
[Date "2013.06.19"]
[EventDate "2013.06.16"]
[Round "4"]
[Result "1/2-1/2"]
[White "Antoaneta Stefanova"]
[Black "Bela Khotenashvili"]
[WhiteElo "2531"]
[BlackElo "2531"]
[PlyCount "62"]

1. d4 d5 2. c4 e6 3. Nc3 Be7 4. Bf4 Nf6 5. e3 O-O 6. a3 Nbd7
7. Nb5 Ne8 8. Nf3 c6 9. Nc3 f5 10. h3 Nd6 11. cxd5 exd5
12. Bd3 Nf6 13. Ne5 Nfe4 14. Ne2 Nf7 15. O-O Bf6 16. f3 Ned6
17. Qc2 Qe7 18. Nxf7 Rxf7 19. Rae1 Bg5 20. e4 Bxf4 21. Nxf4
Qh4 22. Nxd5 cxd5 23. Qc5 Qe7 24. exf5 Qf6 25. g4 Bxf5
26. gxf5 Qg5+ 27. Kh1 Nxf5 28. Re5 Ng3+ 29. Kg2 Nf5+ 30. Kh1
Ng3+ 31. Kg2 Nf5+ 1/2-1/2